|
|
|
|
| LEADER |
00617nab a2200169 i 4500 |
| 001 |
misc40749 |
| 005 |
20191106140942.0 |
| 008 |
180709s1999 hu o 0|| zxx d |
| 022 |
|
|
|a 1215-5233
|
| 040 |
|
|
|a SZTE Miscellanea Repozitórium
|b hun
|
| 041 |
|
|
|a zxx
|
| 100 |
1 |
|
|a Szigeti József
|
| 245 |
1 |
3 |
|a Az Eötvös-kollégium középiskolai kisugárzása
|h [elektronikus dokumentum] :
|b részletek egy visszaemlékezésből /
|c Szigeti József
|
| 260 |
|
|
|c 1999
|
| 300 |
|
|
|a 67-76
|
| 490 |
0 |
|
|a Iskolakultúra
|v 9 No. 3
|
| 856 |
4 |
0 |
|u http://misc.bibl.u-szeged.hu/40749/1/EPA00011_iskolakultura_1999_03_067-076.pdf
|z Dokumentum-elérés
|